| 000 | 00390nam a2200145 4500 | ||
|---|---|---|---|
| 001 | 126559 | ||
| 003 | ES-MaACL | ||
| 005 | 20230906192836.0 | ||
| 007 | t| | ||
| 008 | 070214s1925 xxu r ||||1| eng d | ||
| 245 | 0 | 4 |
_aThe Republic of El Salvador _b: a land of opportunity. |
| 260 |
_aBaltimore : _bH. Mills, _c1925. |
||
| 300 |
_a67 p. : _bil. ; _c23 cm. |
||
| 852 |
_aES-MaACL _j1818-F-18 |
||
| 999 |
_c126559 _d126559 |
||